| 000 | 00851nam a22001217a 4500 | ||
|---|---|---|---|
| 040 | _cRUA | ||
| 082 | _aAGR MUO 2009 B039 Or.1 | ||
| 100 | _aMUONG SOTHEAROTH | ||
| 245 | _acomparison of sestem of rice intensification and farmers' traditional techique in krang yov commune, kandal province(ប្រៀបធៀបបច្ចេកទេសធ្វើស្រែតាមប្រព័ន្ទប្រពលវប្បកម្មដំណាំស្រូវតាមគោលការណ័ធម្មជាតិជាមួយការអនុវត្តតាមទម្លាប់កសិករក្នុង ឃុំក្រាំងយ៉ូវ ខេត្តកណ្កាល) | ||
| 300 |
_aix, 47p. _bill. _c29cm. |
||
| 856 | _uhttps://drive.google.com/file/d/1u4EwAv_IZHe2KXTseSXRkj3KjwGE3hMy/view?usp=sharing | ||
| 942 | _cAGR | ||
| 999 |
_c923 _d923 |
||